Las PyMEs exportadoras argentinas exitosas : hacia la construcción de ventajas competitivas /
Saved in:
| Other Authors: | |
|---|---|
| Format: | Book |
| Language: | Spanish |
| Published: |
Buenos Aires :
Miño y Davila Editores, Fundes Argentina,
2001.
|
| Edition: | 1. ed. |
| Subjects: | |
| Tags: |
Add Tag
No Tags, Be the first to tag this record!
|
| LEADER | 00869cam a2200265 a 4500 | ||
|---|---|---|---|
| 001 | 008903237-3 | ||
| 005 | 20050812083758.0 | ||
| 008 | 020220s2001 ag a b 000 0 spa | ||
| 010 | |a 2002407014 | ||
| 020 | |a 9509467790 | ||
| 035 | 0 | |a ocm53231138 | |
| 040 | |a DLC |c DLC |d OCLCQ | ||
| 043 | |a s-ag--- | ||
| 050 | 0 | 0 | |a HD2346.A73 |b P955 2001 |
| 245 | 0 | 4 | |a Las PyMEs exportadoras argentinas exitosas : |b hacia la construcción de ventajas competitivas / |c autores, Pablo Angelelli ... [et al.]. |
| 250 | |a 1. ed. | ||
| 260 | |a Buenos Aires : |b Miño y Davila Editores, Fundes Argentina, |c 2001. | ||
| 300 | |a xvi, 205 p. : |b ill. ; |c 26 cm.̣ | ||
| 504 | |a Includes bibliographical references (p. 201-205). | ||
| 650 | 0 | |a Small business |z Argentina. | |
| 650 | 0 | |a Export marketing |z Argentina. | |
| 700 | 1 | |a Angelelli, Pablo. | |
| 988 | |a 20020608 | ||
| 049 | |a HLSS | ||
| 906 | |0 DLC | ||


